Sur quelques araignées cavernicoles d'Argentine, Uruguay, Brésil et Venezuela récoltées par le D' P. Strinati (<Arachnida, Araneae>) (Registro nro. 10049)
[ vista simple ]
| 000 -CABECERA | |
|---|---|
| Campo de control | 006650000a22002050004500 |
| 090 ## - CLASIFICACIÓN LOCAL | |
| Colección | AR |
| Consecutivo | 00961 |
| 041 0# - IDIOMA | |
| Código de idioma para texto/pista de sonido o título separado | |
| 100 1# - ASIENTO PRINCIPAL--NOMBRE PERSONAL | |
| Nombre personal | Brignoli, Paolo Marcello |
| 245 10 - MENCION DE TITULO | |
| Título | Sur quelques araignées cavernicoles d'Argentine, Uruguay, Brésil et Venezuela récoltées par le D' P. Strinati (<Arachnida, Araneae>) |
| 650 14 - ASIENTO SECUNDARIO DE MATERIA - TERMINO TEMATICO | |
| Término temático o nombre geográfico como elemento de entrada | Entomología |
| 650 14 - ASIENTO SECUNDARIO DE MATERIA - TERMINO TEMATICO | |
| Término temático o nombre geográfico como elemento de entrada | Bioespeleología |
| 650 14 - ASIENTO SECUNDARIO DE MATERIA - TERMINO TEMATICO | |
| Término temático o nombre geográfico como elemento de entrada | Cavernas |
| 650 14 - ASIENTO SECUNDARIO DE MATERIA - TERMINO TEMATICO | |
| Término temático o nombre geográfico como elemento de entrada | Arañas |
| 651 #4 - ASIENTO SECUNDARIO DE MATERIA - NOMBRE GEOGRAFICO | |
| -- | Argentina |
| 651 #4 - ASIENTO SECUNDARIO DE MATERIA - NOMBRE GEOGRAFICO | |
| -- | Brasil |
| 651 #4 - ASIENTO SECUNDARIO DE MATERIA - NOMBRE GEOGRAFICO | |
| -- | Uruguay |
| 651 #4 - ASIENTO SECUNDARIO DE MATERIA - NOMBRE GEOGRAFICO | |
| -- | Venezuela |
| 773 1# - Item fuente: | |
| Título | Revue Suisse de Zoologie |
| Especificación de materiales | 344 |
| Descripción física | 12 |
| Paginas del Articulo | 361-385 |
| Lugar, editorial y fecha de publicación | 1972 |
| Información sobre la relación | 79 |
| 942 ## - ELEMENTOS ADICIONALES (KOHA) | |
| Tipo de ítem | Artículo |
| Withdrawn status | Lost status | Damaged status | No para préstamo | Colección | Ubicación Permanente | Ubicación actual | Fecha de adquisición | Fuente de Valor | Datos de publicación Seriada | Total Checkouts | Número topográfico | Inventario / Código de Barras | Date last seen | Ejemplar | Price effective from | Forma de adquisición | Tipo de material |
|---|---|---|---|---|---|---|---|---|---|---|---|---|---|---|---|---|---|
| No para Préstamo | Hemeroteca | Bogotá | Bogotá | 27/02/2015 | Escobar Sarria, Federico | Fuera de circulación | AR 00961 | 011260 | 25/03/2015 | 1 | 25/03/2015 | Artículo |